ნორმალური ფორმატი
MARC ფორმატი
ჩანაწერი Personal Name
ჩანაწერთა რაოდენობა, რომელიც გამოყენებულია: 2
001 - CONTROL NUMBER
- control field: 2892
003 - CONTROL NUMBER IDENTIFIER
- control field: GE_BSU
005 - DATE AND TIME OF LATEST TRANSACTION
- control field: 20190625153404.0
008 - FIXED-LENGTH DATA ELEMENTS
- fixed length control field: 190625|| aca||aabn | a|a d
040 ## - CATALOGING SOURCE
- Original cataloging agency: GE_BSU
- Transcribing agency: GE_BSU
100 ## - HEADING--PERSONAL NAME
- Personal name: დავითაძე, რუსლან
670 ## - SOURCE DATA FOUND
- Source citation: Work cat.: (GE_BSU): დავითაძე, რუსლან, სხვადასხვა ჯიშის სტევიას (Stevia rebaudia) ნედლეულის ქიმიური შემადგენლობისა და ანტიოქსიდანტური აქტივობის ცვალებადობა გადამუშავების პროცესში
